000 00552nam a22001817a 4500
005 20170620142956.0
010 _aENG-118808
020 _a97893860560212
_c450.00
035 _aEN-102340
037 _bDBAD/PUB
082 _a956.94054
100 _aOmer, Mohammed
245 _aShell-shocked:
_bDispatches from a war /
_cby Mohammed Omer
260 _aNew Delhi
_bSpeaking Publishing House
_c2015
270 _a4381/4, Ansari Road, Daryaganj, New Delhi-110002
300 _a311p
_c22cm.(pbk)
942 _2ddc
_cEN
_h956.94054
_mOME
999 _c141491
_d141491